00404nam a2200121Ia 4500003000400000005001700004008004100021040001800062041000800080100004700088245011100135260003600246OSt20260130145000.0211028s2018 xx 000 0 und d cAIMIT LIBRARY aeng aBhat, Srinidhi S; D Souza, Rayan.g1616199 aStudy on effects of change in markets on new product introduction of ace foods pvt ltd at Mangalore city / aMangalorebRayan D Souza.c2018